| 000 | 00521nam a2200181Ia 4500 | ||
|---|---|---|---|
| 999 |
_c28682 _d28682 |
||
| 003 | OSt | ||
| 005 | 20210104121253.0 | ||
| 008 | 190216s9999||||xx |||||||||||||| ||und|| | ||
| 020 | _a9788130003559 | ||
| 040 | _coclc | ||
| 082 |
_a894.8121 _bRAT/S |
||
| 100 |
_aRath, Rama Kantha _97619 |
||
| 245 | 0 |
_aSreeradha / _cRama Kantha Rath |
|
| 260 |
_bPoorna Publication, _a Kozhikode: _c2006. |
||
| 300 | _a160p | ||
| 650 | _aMalayalam Kavitha | ||
| 942 |
_cBK _2ddc _h894.8121 _iRAT/S _k894.8121 _mRAT/S |
||